Research Handbook on the Law of International Organizations (Record no. 622636)

MARC details
000 -LEADER
fixed length control field 00548nam a22001937a 4500
008 - FIXED-LENGTH DATA ELEMENTS--GENERAL INFORMATION
fixed length control field 260506b |||||||| |||| 00| 0 eng d
020 ## - INTERNATIONAL STANDARD BOOK NUMBER
ISBN 9780857931252
Paper back/Hardbound pbk
041 ## - LANGUAGE CODE
Language code of text/sound track or separate title eng
082 ## - DEWEY DECIMAL CLASSIFICATION NUMBER
Classification number 341.2 KLA
100 ## - MAIN ENTRY--AUTHOR NAME
Personal name Klabbers,Jan
245 ## - TITLE STATEMENT
Title Research Handbook on the Law of International Organizations
Statement of responsibility, etc /Edited by Jan Klabbers;
260 ## - PUBLICATION, DISTRIBUTION, ETC. (IMPRINT)
Place of publication United Kingdom
Name of publisher Edward Elgar
Year of publication 2014
300 ## - PHYSICAL DESCRIPTION
Number of Pages 530p. :
Dimensions 25cm.
504 ## - BIBLIOGRAPHY, ETC. NOTE
Bibliography, etc Includes bibliographies and index
650 ## - SUBJECT ADDED ENTRY--TOPICAL TERM
Topical Term Law of nations
700 ## - ADDED ENTRY--PERSONAL NAME
Personal name Wallendahl,Asa
942 ## - ADDED ENTRY ELEMENTS (KOHA)
Koha item type English Books
Holdings
Withdrawn status Lost status Damaged status Not for loan Home library Current library Shelving location Date acquired Full call number Accession Number Price effective from Koha item type
        Anna Centenary Library Anna Centenary Library 4TH FLOOR, A WING 31.08.2019 341.2 KLA 614634 06.05.2026 English Books

Find us on the map